[Event "First Saturday 2011 marcius FM-B"]
[Site "Budapest"]
[Date "2011.03.13"]
[Round "2.4"]
[White "Hegedus, Peter dr"]
[Black "Klement, Bence"]
[Result "0-1"]
[WhiteElo "1792"]
[BlackElo "1697"]
[PlyCount "76"]
[EventDate "2011.03.05"]

1. e4 e6 2. d4 d5 3. Nc3 Nf6 4. e5 Nfd7 5. f4 c5 6. Nf3 Nc6 7. Be3 Qb6 8. a3
cxd4 9. Nxd4 Bc5 10. Na4 Qa5+ 11. c3 Bxd4 12. Bxd4 Nxd4 13. Qxd4 O-O 14. Qb4
Qc7 15. Bb5 a6 16. Bxd7 Bxd7 17. Nb6 Rab8 18. a4 f6 19. O-O fxe5 20. fxe5 Bc6
21. Qd4 Rbd8 22. Rae1 h6 23. h4 Qe7 24. g3 Rxf1+ 25. Rxf1 Rf8 26. Rxf8+ Qxf8
27. Qf4 Qxf4 28. gxf4 Kf7 29. Kf2 Kg6 30. Kg3 h5 31. Kf2 Kf5 32. Ke3 Kg4 33.
Nc8 Kxh4 34. f5 exf5 35. e6 Kg5 36. e7 Kf6 37. Nd6 Kxe7 38. Nxf5+ Kf6 0-1

[Event "First Saturday 2011 marcius FM-B"]
[Site "Budapest"]
[Date "2011.03.14"]
[Round "2.5"]
[White "Yilmaz, Harun"]
[Black "Hegedus, Peter dr"]
[Result "1-0"]
[WhiteElo "1568"]
[BlackElo "1792"]
[PlyCount "112"]
[EventDate "2011.03.05"]

1. e4 e6 2. d4 d5 3. exd5 exd5 4. Nf3 Nf6 5. Bd3 Bg4 6. Bg5 Be7 7. Nbd2 Nc6 8.
c3 O-O 9. O-O Re8 10. Qc2 h6 11. Bh4 Bd6 12. h3 Be6 13. Rae1 Be7 14. Ne5 Nxe5
15. dxe5 Nd7 16. Bxe7 Qxe7 17. f4 Qc5+ 18. Kh2 Nf8 19. Nf3 Bd7 20. Nd4 Qb6 21.
Rf3 c5 22. Nf5 c4 23. Bf1 Qg6 24. Nd4 Qxc2 25. Nxc2 Bf5 26. Nd4 Be4 27. Rfe3 a6
28. Bxc4 Bxg2 29. Bd3 Be4 30. Bxe4 dxe4 31. Rxe4 Rad8 32. Nf5 Rd2+ 33. R1e2
Red8 34. Nd4 Rxe2+ 35. Rxe2 Ne6 36. Nxe6 fxe6 37. Kg3 Rd3+ 38. Kg4 g6 39. Re4
Rd2 40. Rb4 b5 41. a4 bxa4 42. Rxa4 Rxb2 43. Rxa6 Kf7 44. Ra7+ Kf8 45. Rh7 Rg2+
46. Kf3 Rc2 47. Rc7 g5 48. fxg5 hxg5 49. Kg4 Rg2+ 50. Kh5 Rg3 51. c4 Ke8 52.
Kg6 Rxh3 53. Kxg5 Kd8 54. Ra7 Rc3 55. Kf6 Rxc4 56. Kxe6 Rc8 {after 15 move} 1-0

[Event "First Saturday 2011 marcius FM-B"]
[Site "Budapest"]
[Date "2011.03.14"]
[Round "2.5"]
[White "Klement, Bence"]
[Black "Czipp, Janos"]
[Result "1-0"]
[WhiteElo "1697"]
[BlackElo "1599"]
[PlyCount "54"]
[EventDate "2011.03.05"]

1. d4 d5 2. c4 Nf6 3. Nc3 e6 4. Nf3 Bd6 5. Bg5 Nbd7 6. e3 O-O 7. Bd3 b6 8. cxd5
e5 9. O-O Re8 10. Qc2 g6 11. Bb5 e4 12. Nd2 a6 13. Bc6 Rb8 14. Ndxe4 Rxe4 15.
Nxe4 Be7 16. Bxd7 Bxd7 17. Nxf6+ Bxf6 18. Bxf6 Qxf6 19. Qxc7 Rd8 20. Qe5 Qh4
21. Rac1 Re8 22. Qg3 Qd8 23. Qc7 Bb5 24. Qxd8 Rxd8 25. Rfe1 Rxd5 26. h3 Kg7 27.
Rc7 Rd6 {after 20 move} 1-0

[Event "First Saturday 2011 marcius FM-B"]
[Site "Budapest"]
[Date "2011.03.14"]
[Round "2.5"]
[White "Csetneki, Mark"]
[Black "Breen, Anthony"]
[Result "0-1"]
[WhiteElo "1640"]
[BlackElo "1669"]
[PlyCount "102"]
[EventDate "2011.03.05"]

1. d4 e6 2. c4 f5 3. Nf3 Nf6 4. g3 Be7 5. Bg2 O-O 6. O-O d6 7. b3 Qe8 8. Na3 c6
9. Nc2 Qh5 10. e3 Ng4 11. h3 Nf6 12. Nh2 Qg6 13. Ne1 e5 14. Ba3 Re8 15. dxe5
dxe5 16. Bxe7 Rxe7 17. Nd3 f4 18. Nf3 fxg3 19. Ndxe5 gxf2+ 20. Rxf2 Qh6 21. Qd4
Bxh3 22. Bxh3 Qxh3 23. Rh2 Qe6 24. Kf2 Nbd7 25. Nxd7 Rxd7 26. Ng5 Ng4+ 27. Kg3
Rxd4 28. Nxe6 Rd6 29. Kxg4 Rxe6 30. Kf3 Rae8 31. Re2 Re4 32. Rd1 R8e7 33. Rd3
h5 34. Rh2 h4 35. Rh3 Kh7 36. Ke2 Kh6 37. Rd1 g5 38. Rdh1 Kh5 39. Kd2 Rd7+ 40.
Ke2 c5 41. a3 b6 42. a4 Rde7 43. Kd2 Rg4 44. Ke2 Rg2+ 45. Kd3 Kg4 46. e4 Rf7
47. Ke3 Rff2 48. Kd3 Rg3+ 49. Rxg3+ Kxg3 50. Ke3 Kg2 51. Re1 h3 0-1